|
|
|
|
| LEADER |
00000nam a2200000 a 4500 |
| 001 |
vtls008323771 |
| 003 |
SK-MaSNL |
| 005 |
20260302074322.0 |
| 008 |
251124s1966 xo slo |
| 015 |
|
|
|a SKSNBA1966/02-00291
|
| 035 |
|
|
|a SK01SNK19660015988
|
| 035 |
|
|
|a SKM000018451
|
| 040 |
|
|
|a SNK
|b slo
|c SNK
|e AACR2
|
| 041 |
1 |
|
|a slo
|
| 044 |
|
|
|a xo
|
| 080 |
|
|
|a 885.4-1(087.5)
|2 1981
|
| 100 |
1 |
|
|a Rázusová-Martáková, Mária,
|d 1905-1964
|4 aut
|9 17404
|
| 245 |
1 |
0 |
|a Zatúlané húsa
|c Mária Rázusová-Martáková ; ilustr. Ladislav Nesselman
|
| 250 |
|
|
|a 4. vyd.
|
| 260 |
|
|
|a Bratislava
|b Mladé letá
|c 1965
|e Banská Bystrica
|f Vojenský kartografický ústav
|
| 300 |
|
|
|a [12] s.
|c 8°
|
| 521 |
|
|
|a Pre najmenších čitateľov
|
| 563 |
|
|
|a 18000 výtl.
|
| 650 |
0 |
7 |
|a leporelá
|2 SNK
|9 284032
|
| 655 |
|
7 |
|a leporelá
|2 SNKPH
|9 60414
|
| 655 |
|
7 |
|a poézia pre deti
|2 SNK
|9 86748
|
| 700 |
1 |
|
|a Nesselman, Ladislav,
|d 1927-1987
|4 ill
|9 116426
|
| 852 |
|
|
|a Slovenská národná knižnica v Martine
|b 10000
|h SC 21068
|
| 852 |
|
|
|a Slovenská národná knižnica v Martine
|b 10000
|h SC 21068 D1
|
| 958 |
|
|
|a OND
|
| 958 |
|
|
|a TL
|
| 958 |
|
|
|a RK
|
| 958 |
|
|
|a DB
|
| 958 |
|
|
|a LX
|
| 958 |
|
|
|a BQ
|
| 999 |
|
|
|c 1164572
|d 1166502
|
| 952 |
|
|
|a SNKLM
|b SNKLM
|y NEVYP
|7 0
|o snklmMK 3321
|8 3
|0 0
|1 0
|4 0
|d 2006-04-07
|l 0
|r 2026-02-24 20:45:01
|w 2026-02-24
|